| 000 | 00347nam a2200145Ia 4500 | ||
|---|---|---|---|
| 005 | 20251222154319.0 | ||
| 008 | 251222s9999||||xx |||||||||||||| ||spa|| | ||
| 020 | _a8474327261 | ||
| 082 | _a370/B61 | ||
| 100 | _aBlaxter, Loraine | ||
| 245 | 0 | _aCómo se hace una Investigación | |
| 250 | _a1ra.ed. | ||
| 264 | _bGedisa Editorial | ||
| 942 | _cLIB | ||
| 999 |
_c33705 _d33705 |
||